00484nam a22001577a 450000500170000000800410001702000180005804100130007608200120008910000380010124500760013925000190021526000340023430000330026865000250030120231123095451.0231123b |||||||| |||| 00| 0 eng d a9780409020366 aEnglish  a342 BUR aBurns, Y and Beukes, M lEnglish  aAdministrative Law under the 1996 Constitution /cY Burns and M Beukes  aThird Edition  aDurban : bLexisNexis, c2006 bxxiii, 566 pages ; c25 cm.  aLegal practice bLaw